000 00550nam a2200169 a 4500
005 20240830063905.0
008 991125s1953 ea 000 0 eng u
035 _aUPN01000002457
049 _aCG
050 4 _aLB1571 E6.1
_bN3.3
110 2 _aNational Education Association
245 1 0 _aAmerican education week :
_bprimer /
_cNational Education Association.
260 _aWashington, D. C. :
_bNational Education Association,
_c1953.
300 _a64 p.
650 0 _aEducación primaria
_zEstados Unidos
_vPlanes y programas
_918494
905 _aLibro
999 _c2457
_d2457